| 000 | 00854cab a2200265 4500 | ||
|---|---|---|---|
| 001 | ABS43570 | ||
| 008 | 090401t1990 xxu||||| |||| 00| 0 eng d | ||
| 035 | _a(Sirsi) u42387 | ||
| 041 | _aeng | ||
| 100 | _aAllen, J.D. | ||
| 245 | _aHow to get the most from the project team | ||
| 260 | _c1990 | ||
| 350 | _a0 | ||
| 490 |
_aConstruction News _v(6183) 4 October 1990, 20(1) |
||
| 520 | _aConsiders the role of behavioural psychology in relation to project management . | ||
| 520 | _aThis article is no longer held by the RICS Library but can be obtained via inter-library loan. Please ask Library staff for details. | ||
| 650 | _aCONFLICT | ||
| 650 | _aHUMAN RELATIONS | ||
| 650 | _aMOTIVATION | ||
| 650 | _aORGANISATIONAL PSYCHOLOGY | ||
| 650 | _aPSYCHOLOGY | ||
| 690 |
_aProject management _96261 |
||
| 942 | _n0 | ||
| 948 | _c04/03/1997 | ||
| 999 |
_c27180 _d27180 |
||